| 000 | 00506cam a22001691 4500 | ||
|---|---|---|---|
| 082 |
_a620.1074 _bHOU _cL-5, P-15 |
||
| 100 | 1 |
_aHoughton, E. L. _940697 |
|
| 245 | 1 | 0 |
_aAerodynamics for engineering students _c[by] E. L. Houghton and A. E. Brock. |
| 250 | _a2 nd ed. | ||
| 260 |
_aLondon, _bE. Arnold _c[1960] |
||
| 300 |
_a400 p. _billus. _c24 cm. |
||
| 526 |
_a0 _b0 _c0 _d620_107400000000000_HOU |
||
| 650 | 0 |
_aAerodynamics. _92589 |
|
| 650 | 0 |
_aMCE _9379 |
|
| 700 | 1 |
_aBrock, A. E. _940698 |
|
| 942 |
_2ddc _cBK |
||
| 999 |
_c544957 _d544957 |
||